سيد مرعي : (Record no. 24908)

MARC details
000 -الفاتح
حقل البيانات ثابتة الطول 01330nam a2200337 i 4500
003 - محدد رقم الضبط
رقم الضبط EG-ScBUE
005 - وقت وتاريخ اخر تعامل مع التسجيلة
رقم الضبط 20231025105038.0
008 - عناصر البيانات ثابتة الطول - معلومات عامة
حقل البيانات ثابتة الطول 170618s1999 ua f b 000 0bara d
017 ## - رقم الإيداع القانونى
رقم الإيداع القانونى 98 / 17105
020 ## - الرقم الدولى المعيارى للكتب
الرقم الدولى المعيارى للكتاب 9772082543
040 ## - مصدر الفهرسة
وكالة الفهرسة الأصلية EG-ScBUE
لغة الفهرسة ara
قواعد الوصف rda
وكالة النسخ EG-ScBUE
وكالة التعديل EG-ScBUE
043 ## - رمز المنطقة الجغرافية
رمز المنطقة الجغرافية f-ua---
082 04 - رقم تصنيف ديوى العشرى
رقم التصنيف 923.2
رقم المادة ج و ا
رقم الطبعة 22
100 1# - المدخل الرئيسى - إسم شخصى
الإسم الشخصى جوادي، محمد،
الدور مؤلف.
245 10 - بيان العنوان
العنوان سيد مرعي :
بقية العنوان شريك وشاهد على عصور الليبرالية والثورة والانفتاح في مصر المعاصرة، 1944-1981 /
بيان المسئوليه,etc الدكتور محمد الجوادي.
250 ## - بيان الطبعة
بيان الطبعة الطبعة الأولى.
264 #1 - النشر، التوزيع
مكان الناشر او الموزع القاهرة :
اسم الناشر او الموزع مكتبة مدبولي،
تاريخ النشر أو التوزيع 1999.
300 ## - الوصف المادى
التعداد 199 صفحة ؛
أبعاد الوعاء 24 سم.
336 ## - نوع المحتوى
source rdacontent
Carrier Type Term نص
Content Type Code txt
337 ## - نوع الوسيط
source rdamedia
Media Type Term بدون وسيط
Media Type Code n
338 ## - نوع الحامل أو الناقل
source rdacarrier
Carrier Type Term مجلد
Carrier Type Code nc
490 0# - بيان السلسلة
عنوان السلسلة صفحات من تاريخ مصر ؛
رقم المجلد/ التعيين التسلسلي 41
504 ## - تبصرة ببليوجرافية
تبصرة ببليوجرافية,الخ يشتمل على إرجاعات ببليوجرافية.
600 17 - المدخل الاضافى بالموضوع-اسم شخصى
الإسم الشخصى مرعي، سيد
مصدر الرأس أو المصطلح BUEsh
650 #7 - المدخل الاضافى بالموضوع-مصطلح موضوعى
مصطلح موضوعي أو اسم جغرافي كعنصر مدخل السياسيون المصريون
التقسيم الفرعي الشكلي تراجم.
مصدر الرأس أو المصطلح BUEsh
9 (RLIN) 31153
651 #7 - المدخل الاضافى بالموضوع - اسم جغرافى
الاسم الجغرافي مصر
التقسيم الفرعي العام سياسة وحكومة
التقسيم الفرعي الزمني 1952-1970.
مصدر الرأس أو المصطلح BUEsh
651 #7 - المدخل الاضافى بالموضوع - اسم جغرافى
الاسم الجغرافي مصر
التقسيم الفرعي العام سياسة وحكومة
التقسيم الفرعي الزمني 1970-1981.
مصدر الرأس أو المصطلح BUEsh
653 ## - مصطلح تكشيفى غير مقيد
Resource For college Generalities
Arrived date list June2017
655 ## - مصطلح تكشيفى-نوع/شكل
التقسيم الفرعي الشكلي Reading book
942 ## - عناصر المدخل الإضافي( كوها)
مصدر التصنيف او مخطط الترفيف Dewey Decimal Classification
Holdings
حالة التراجع حالة الفقد مصدر التصنيف او خطة الترفيف حالة تلف ليس للاعارة مجموعات كوها المكان الدائم المكان الحالي موقع الترفيف تاريخ الاكتساب Source of acquisition تعداد مسلسل / التسلسل الزمني رقم الاستدعاء الباركود Date last seen نوع الوعاء
    Dewey Decimal Classification     Madboly Central Library Central Library Second Floor 18/06/2017 Purchase 04183 923.2 ج و ا 000046117 15/07/2025 Book - Borrowing